<?xml version="1.0" encoding="UTF-8"?>
<record
    xmlns:xsi="http://www.w3.org/2001/XMLSchema-instance"
    xsi:schemaLocation="http://www.loc.gov/MARC21/slim http://www.loc.gov/standards/marcxml/schema/MARC21slim.xsd"
    xmlns="http://www.loc.gov/MARC21/slim">

  <leader>02380nam a22002777a 4500</leader>
  <controlfield tag="003">BI-BuBU</controlfield>
  <controlfield tag="008">150710t2013    bd ||||dr|||| 000 0 fre d</controlfield>
  <datafield tag="037" ind1=" " ind2=" ">
    <subfield code="b">Don de l'auteur</subfield>
  </datafield>
  <datafield tag="039" ind1=" " ind2=" ">
    <subfield code="a">20150710091748.0</subfield>
    <subfield code="b">Nshimirimana Anne-Marie</subfield>
  </datafield>
  <datafield tag="040" ind1=" " ind2=" ">
    <subfield code="a">BI-BuBU</subfield>
    <subfield code="b">fre</subfield>
    <subfield code="c">BI-BuBU</subfield>
  </datafield>
  <datafield tag="041" ind1="0" ind2=" ">
    <subfield code="a">fre</subfield>
  </datafield>
  <datafield tag="080" ind1=" " ind2=" ">
    <subfield code="a">320.</subfield>
  </datafield>
  <datafield tag="100" ind1="1" ind2=" ">
    <subfield code="4">aut</subfield>
    <subfield code="a">Ntomerezi, Malick</subfield>
    <subfield code="9">114464</subfield>
  </datafield>
  <datafield tag="245" ind1="1" ind2="0">
    <subfield code="a">Identit&#xE9; et pouvoir politique au Burundi</subfield>
    <subfield code="b">de 1965 &#xE0; nos jours</subfield>
    <subfield code="c">par Malick Ntomerezi; Salathiel Muntunutwiwe, directeur</subfield>
  </datafield>
  <datafield tag="260" ind1=" " ind2=" ">
    <subfield code="a">Bujumbura</subfield>
    <subfield code="b">universit&#xE9; du Burundi, Facult&#xE9; des Lettres et Sciences Humaines, D&#xE9;partement d'Histoire</subfield>
    <subfield code="c">2013</subfield>
  </datafield>
  <datafield tag="300" ind1=" " ind2=" ">
    <subfield code="a">VI-75 f.</subfield>
    <subfield code="c">30 cm.</subfield>
  </datafield>
  <datafield tag="500" ind1=" " ind2=" ">
    <subfield code="a">M&#xE9;moire pr&#xE9;sent&#xE9; et d&#xE9;fendu publiquement en vue de l'obtention du grade de Licenci&#xE9; en Histoire</subfield>
  </datafield>
  <datafield tag="520" ind1=" " ind2=" ">
    <subfield code="a">RESUME

Notre sujet de recherche "Identit&#xE9; et pouvoir politique au Burundi : de 1965 &#xE0; nos jours" consite &#xE0; mener une &#xE9;tude sur le Burundi afin de d&#xE9;montrer comment on proc&#xE8;de pour acc&#xE8;der au pouvoir.

En effet, depuis les ann&#xE9;es 1960, l'identit&#xE9; ethnique telle qu'enseigner par la m&#xE9;tropole Belge, &#xE9;tait un instrument de manipulation de la masse par l'&#xE9;lite au pouvoir.  A d&#xE9;faut de recourir &#xE0; des projets de soci&#xE9;t&#xE9; qui constituent une meilleure comp&#xE9;tence d&#xE9;mocratique, les politiques burundais ne font qu'enseigner la division entre ethnies diff&#xE9;rentes et par cons&#xE9;quent la principale source des crises qu'a connue notre pays.

Ensuite malgr&#xE9; l'existence des crises politiques n&#xE9;es de cette division ethnique, on assiste encore &#xE0; la continuit&#xE9; du ph&#xE9;nom&#xE8;ne identitaire pour acc&#xE8;der au pouvoir.  En t&#xE9;moigne, la constitution actuelle issue du processus d'Accord d'Arusha pour la Paix et la R&#xE9;conciliation des Burundais qui met en place la politique des quotas &#xE0; travers la repr&#xE9;sentation identitaire.

En bref, on peut dire que tout cela est d&#xFB; &#xE0; un manque des clairvoyants sur la sc&#xE8;ne politique burundaise.
</subfield>
  </datafield>
  <datafield tag="650" ind1=" " ind2="7">
    <subfield code="2">BI-BuBU</subfield>
    <subfield code="a">Pouvoir politique</subfield>
    <subfield code="x">Identit&#xE9; &#xE9;thnique</subfield>
    <subfield code="y">1965-2013</subfield>
    <subfield code="z">Burundi</subfield>
    <subfield code="9">113249</subfield>
  </datafield>
  <datafield tag="655" ind1=" " ind2="7">
    <subfield code="2">BI-BuBU</subfield>
    <subfield code="a">M&#xE9;moire</subfield>
    <subfield code="9">114465</subfield>
  </datafield>
  <datafield tag="700" ind1="1" ind2=" ">
    <subfield code="4">dir.</subfield>
    <subfield code="a">Munutwiwe, Salathiel</subfield>
    <subfield code="9">113251</subfield>
  </datafield>
  <datafield tag="710" ind1=" " ind2=" ">
    <subfield code="4">aut</subfield>
    <subfield code="a">Unversit&#xE9; du Burundi</subfield>
    <subfield code="b">Facult&#xE9; des Lettres et Sciences Humaines</subfield>
    <subfield code="9">113252</subfield>
  </datafield>
  <datafield tag="942" ind1=" " ind2=" ">
    <subfield code="2">udc</subfield>
    <subfield code="c">MEM</subfield>
  </datafield>
  <datafield tag="999" ind1=" " ind2=" ">
    <subfield code="c">31569</subfield>
    <subfield code="d">31569</subfield>
  </datafield>
  <datafield tag="952" ind1=" " ind2=" ">
    <subfield code="0">0</subfield>
    <subfield code="1">0</subfield>
    <subfield code="2">udc</subfield>
    <subfield code="4">0</subfield>
    <subfield code="7">0</subfield>
    <subfield code="9">45891</subfield>
    <subfield code="a">BC</subfield>
    <subfield code="b">BC</subfield>
    <subfield code="d">2015-07-10</subfield>
    <subfield code="e">Don de l' auteur</subfield>
    <subfield code="l">0</subfield>
    <subfield code="o">320. NTO.</subfield>
    <subfield code="p">5010000155049</subfield>
    <subfield code="r">2015-07-10</subfield>
    <subfield code="t">1</subfield>
    <subfield code="w">2015-07-10</subfield>
    <subfield code="y">MEM</subfield>
  </datafield>
</record>
